| 000 | 00530nam a2200181 a 4500 | ||
|---|---|---|---|
| 005 | 20140412111318.0 | ||
| 008 | 000821s19uu xx 00 eng d | ||
| 020 | _a0-590-42058-5 | ||
| 050 |
_aTR(PS E _bMu89 1987 |
||
| 100 | _aSteptoe, John | ||
| 245 |
_aMufaro's beautiful daughters : _ban African tale / _cJohn Steptoe. |
||
| 260 |
_aNew York : _bScholastic Inc, _c1987. |
||
| 300 | _a1 v. (unp.) ; ill. | ||
| 500 | _aCaldecott Honor Book | ||
| 650 | _aFolktales--African | ||
| 650 | _aBehaviors--Fiction | ||
| 999 |
_c104293 _d104293 |
||